| 000 | 00000nam##2200000za#4500 |
| 001 | 9.699366 |
| 003 | CaOODSP |
| 005 | 20250506145324 |
| 007 | cr ||||||||||| |
| 008 | 150407|1990||||xxc|||||o f|0| 0 eng|d |
| 040 | |aCaOODSP|beng |
| 043 | |an-cn--- |
| 086 | 1 |aA15-1815/1990E-PDF |
| 110 | 1 |aCanada.|bAgriculture Canada. |
| 245 | 10|aIn support of Canadian farmers |h[electronic resource] |
| 260 | |aOttawa - Ontario : |bAgriculture Canada |c1986, revised 1990. |
| 300 | |a48p. |
| 500 | |aHistorical publication digitized by Agriculture and Agri-Food Canada. |
| 590 | |a14-11-Supp|b2014-05-21 |
| 690 | 07|aAgricultural assistance|2gcpds |
| 690 | 07|aAgricultural policy|2gcpds |
| 775 | 08|tUn coup de pouce aux agriculteurs canadiens |w(CaOODSP)9.643358 |
| 856 | 40|ahttp://publications.gc.ca|qPDF|s1.4 MB|uhttps://publications.gc.ca/collections/collection_2014/aac-aafc/agrhist/A15-1815-1990-eng.pdf |
| 986 | |a1815E |